000 00439nam a22001337a 4500
005 20250602163715.0
008 250602b |||||||| |||| 00| 0 eng d
020 _a9780870090400
050 _aBV 3
_bLEA
245 _aLeadership Handbook of Management and Administration
_bPractical insight from a cross section of ministry leaders
_cJAMES D. BERKLEY
260 _aMICHIGAN
_bBAKER BOOKS
_cc1994
300 _axx,; 524p.;
942 _2lcc
_cBK
_n0
999 _c6160
_d6160